Krátkozraká politika Kyjeva

Normandská štvorka nedokázala priviesť k úplnej realizácii minských dohôd.

Enregistré dans:
Détails bibliographiques
Auteur principal: Škvrnda, František
Format: Chapitre de livre
Langue:slovaque
Sujets:
Tags: Ajouter un tag
Pas de tags, Soyez le premier à ajouter un tag!

MARC

LEADER 00000naa a2200000 4500
001 0225949
005 20240502073717.1
041 0 |a slo 
044 |a SK 
245 1 0 |a Krátkozraká politika Kyjeva  |c František Škvrnda 
520 |a Normandská štvorka nedokázala priviesť k úplnej realizácii minských dohôd. 
610 2 0 |a Ukrajina 
610 2 0 |a Francúzsko 
610 2 0 |a Nemecko 
610 2 0 |a Rusko 
610 2 0 |a dohody medzinárodné 
610 2 0 |a politika zahraničná 
100 1 |a Škvrnda, František